000 00744nam a22002297a 4500
003 OSt
005 20260212115142.0
008 260212b |||||||| |||| 00| 0 eng d
020 _a9783031005992
040 _bEnglish
_cCentral Library IIT Goa
082 _a004.22
_bEEC
100 _aEeckhout, Lieven
_eauthor
_93675
245 _aComputer architecture performance evaluation methods /
_cLieven Eeckhout
260 _aSwitzerland :
_bSpringer Nature,
_c2022
300 _axiv,129p.
490 _aSynthesis lectures on computer architecture
504 _aIncludes bibliographical references and index
650 _aComputer architecture
650 _aPerformance evaluation
_93676
650 _aComputer simulation
_91592
942 _2ddc
_cBK
999 _c1872
_d1872